Central Library OPAC University of Rajshahi

Social research and rural life in Central America, Mexico, and the Caribbean region / (Record no. 57462)

MARC details
000 -LEADER
fixed length control field 00851nam a2200253 a 4500
001 - CONTROL NUMBER
control field 57462
003 - CONTROL NUMBER IDENTIFIER
rucl marc code BD-RjUL
005 - DATE AND TIME OF LATEST TRANSACTION
control field 20211209080521.0
008 - FIXED-LENGTH DATA ELEMENTS--GENERAL INFORMATION
fixed length control field 161210s1966 un ||||| |||| 00| 0 eng d
035 ## - SYSTEM CONTROL NUMBER
System control number (BD-RjUL)57586
040 ## - CATALOGING SOURCE
Original cataloging agency BD-RjUL
Language of cataloging eng
Transcribing agency BD-RjUL
041 ## - LANGUAGE CODE
Language code of text/sound track or separate title eng
082 ## - DEWEY DECIMAL CLASSIFICATION NUMBER
Edition number 23
Classification number 338.109728
Author mark and year SOC 1966
245 ## - TITLE STATEMENT
Title Social research and rural life in Central America, Mexico, and the Caribbean region /
Statement of responsibility, etc. Egbert de Vries...et al
250 ## - EDITION STATEMENT
Edition statement 1st ed.
260 ## - PUBLICATION, DISTRIBUTION, ETC. (IMPRINT)
Place of publication, distribution, etc. Paris:
Name of publisher, distributor, etc. Unesco,
Date of publication, distribution, etc. c1966.
300 ## - PHYSICAL DESCRIPTION
Pagination 257 p. ;
Size 21 cm.
490 ## - SERIES STATEMENT
Series statement Unesco.; Technology and society series.
650 ## - SUBJECT ADDED ENTRY--TOPICAL TERM
Topical term or geographic name as entry element Rural conditions
Geographic subdivision Central America
9 (RLIN) 170636
Topical term or geographic name as entry element Agriculture
General subdivision Economic aspects
Geographic subdivision Central America.
9 (RLIN) 172703
700 ## - ADDED ENTRY--PERSONAL NAME
Personal name Vries, Egbert de
856 ## - ELECTRONIC LOCATION AND ACCESS
Materials specified Unesco.; Technology and society series.
942 ## - ADDED ENTRY ELEMENTS (KOHA)
Source of classification or shelving scheme Dewey Decimal Classification
Koha item type Books
Holdings
Lost status Source of classification or shelving scheme Damaged status Not for loan Collection code Permanent Location Current Location Shelving location Date acquired Source of acquisition Total Checkouts Full call number Date last seen Copy number Koha item type
  Dewey Decimal Classification   Not For Loan Non-fiction Central Library, University of Rajshahi Central Library, University of Rajshahi Reading Room 30/11/1981 Unisco   338.109728 SOC 1966 10/12/2016 C-1 Books